Musiques GD avec le plus de niveaux rates - Statistiques

Statistiques générales
  • Ce quiz a été pris 19 fois
  • Le résultat moyen est 6 sur 15
Statistiques - réponses
Artistes Nombre de rates Musiques % Correct
Dimrain47 58 At the Speed of Light
81%
ForeverBound 54 Stereo Madness 2
81%
F-777 59 Sonic Blaster
75%
Xtrullor 108 Supernova
75%
Bossfight 66 The Maze Of Mayonnaise
44%
Hinkik 54 Time Leaper
38%
Waterflame 64 -Final Battle-
31%
TheFatRat 71 Xenogenesis
31%
Waterflame 54 -Endgame-
25%
TheColdSpirit 71 Cosmic Dreamer
19%
1nf1n1ty 62 Within The Sadness (1f1n1ty RMX)
19%
Ephixa 74 Ye
19%
Waterflame 53 -Haunted Woods-
13%
DJ-Nate 63 The Beginning of Time
13%
Bossfight 75 Be Gone Mr. Gawne
6%
Aucun quiz correspondant
Distribution des résultats
% des personnes avec chaque résultat
Percentile par nombre de réponses
Votre historique - résultats
Vous n’avez pas pris ce quiz